|
|
|
|
| LEADER |
00000cam a2200000 7i4500 |
| 001 |
0000000559 |
| 005 |
20151222.0 |
| 008 |
070702 |
| 020 |
|
|
|a 9830602796
|
| 020 |
|
|
|a 9830602818(set)
|
| 090 |
0 |
0 |
|a JF
|b MAL (318)
|
| 100 |
0 |
|
|a M. Saleh Mahyat
|
| 245 |
1 |
0 |
|a Pembuat madu
|c M. Saleh Mahyat
|
| 260 |
|
|
|a Selangor :
|b Hasrat Murni ,
|c 2006
|
| 440 |
|
|
|a Siri tiga serangkai
|
| 500 |
|
|
|a Children ages 7-9 years old (orange)
|
| 650 |
|
0 |
|a Children's stories
|
| 650 |
|
0 |
|a Malay fiction
|
| 999 |
|
|
|a 0000917514
|b Book
|c Children Collection
|e Cawangan Bukit Gambir
|
| 999 |
|
|
|a 0000917515
|b Book
|c Children Collection
|e Cawangan Bukit Gambir
|
| 999 |
|
|
|a 0000917516
|b Book
|c Children Collection
|e Cawangan Bukit Gambir
|
| 999 |
|
|
|a 0000930260
|b Book
|c Children Collection
|e Cawangan Tangkak
|
| 999 |
|
|
|a 0000930261
|b Book
|c Children Collection
|e Cawangan Tangkak
|
| 999 |
|
|
|a 0000957445
|b Book
|c Children Collection
|e Cawangan Segamat
|
| 999 |
|
|
|a 0000957446
|b Book
|c Children Collection
|e Perbadanan Perpustakaan Awam Johor
|
| 999 |
|
|
|a 0000958784
|b Book
|c Children Collection
|e Perbadanan Perpustakaan Awam Johor
|
| 999 |
|
|
|a 0000958785
|b Book
|c Children Collection
|e Perbadanan Perpustakaan Awam Johor
|
| 999 |
|
|
|a 0000958786
|b Book
|c Children Collection
|e Cawangan Urban Transformation Centre
|
| 999 |
|
|
|a 9830602796
|b Book
|c Children Collection
|e Cawangan Sri Merlong
|